<?xml version="1.0" encoding="UTF-8"?>
<marc:record xmlns:marc="http://www.loc.gov/MARC21/slim">
   <marc:leader>00000nam a2200000 a 4500</marc:leader>
   <marc:datafield ind1="1" ind2=" " tag="100">
      <marc:subfield code="a">Steffensmeier, Alexander</marc:subfield>
      <marc:subfield code="4">aut</marc:subfield>
      <marc:subfield code="e">Verfasser/-in</marc:subfield>
   </marc:datafield>
   <marc:datafield ind1="1" ind2=" " tag="100">
      <marc:subfield code="a">Bakhti, Cherifa</marc:subfield>
      <marc:subfield code="4">drt</marc:subfield>
      <marc:subfield code="e">Regisseur/-in</marc:subfield>
   </marc:datafield>
   <marc:datafield ind1="0" ind2="0" tag="245">
      <marc:subfield code="a">Lieselotte und die Pony-Post ... und andere Geschichten</marc:subfield>
   </marc:datafield>
   <marc:datafield ind1="0" ind2="0" tag="245">
      <marc:subfield code="b">TV-Serie nach den Bestsellern von Alexander Steffensmeier</marc:subfield>
   </marc:datafield>
   <marc:datafield ind1="0" ind2="0" tag="245">
      <marc:subfield code="c">Steffensmeier, Alexander</marc:subfield>
   </marc:datafield>
   <marc:datafield ind1=" " ind2="1" tag="264">
      <marc:subfield code="a">München</marc:subfield>
      <marc:subfield code="b">Leonine</marc:subfield>
      <marc:subfield code="c">2021</marc:subfield>
   </marc:datafield>
   <marc:datafield ind1="1" ind2=" " tag="490">
      <marc:subfield code="a">Lieselotte</marc:subfield>
      <marc:subfield code="v">Teil 4</marc:subfield>
   </marc:datafield>
   <marc:datafield ind1="1" ind2=" " tag="520">
      <marc:subfield code="a">Lieselotte lebt mit der Bäuerin und den anderen Tieren auf dem Bauernhof. Dort fühlt sie sich am wohlsten, denn das ist ihre Welt! Als erste Post-Kuh der Welt geht sie ihrem Freund, dem Postboten, manchmal bei der Arbeit zur Hand. Mit ihrer Neugier und ihrem Charme verstrickt sie sich in unzählige lustige Abenteuer.&#xD;
&#xD;
Episoden:&#xD;
01 Lieselotte und die Pony-Post&#xD;
02 Lieselotte als Fotografin&#xD;
03 Lieselotte als Wachhund&#xD;
04 Lieselotte und das gackernde Päckchen&#xD;
05 Lieselotte und der grüne Saft&#xD;
06 Lieselotte auf Safari&#xD;
07 Lieselotteist krank&#xD;
08 Lieselotte und der verschwundene Apfelkuchen&#xD;
09 Lieselotte auf Drachenjagd</marc:subfield>
   </marc:datafield>
   <marc:datafield ind1=" " ind2=" " tag="041">
      <marc:subfield code="a">ger</marc:subfield>
   </marc:datafield>
   <marc:datafield ind1=" " ind2=" " tag="338">
      <marc:subfield code="a">Videodisk</marc:subfield>
   </marc:datafield>
   <marc:datafield ind1=" " ind2=" " tag="300">
      <marc:subfield code="a">1 DVD</marc:subfield>
   </marc:datafield>
</marc:record>
